Phân tích những nhân tố ảnh hưởng đến quyết định gửi tiền của khách hàng tại ngân hàng thương mại cổ phần Đông Á chi nhánh Cần Thơ : Luận văn tốt nghiệp Cao học. Chuyên ngành Tài chính ngân hàng

Đề tài phân tích thực trạng huy động vốn, xác định những nhân tố ảnh hưởng đến quyết định gửi tiền của khách hàng và mức độ hài lòng của khách hàng đối với dịch vụ tiền gửi của ngân hàng TMCP Đông Á. Đề ra giải pháp nhằm thu hút khá...

Volledige beschrijving

Bewaard in:
Bibliografische gegevens
Hoofdauteur: Châu, Bảo Phương
Formaat: Boek
Taal:Undetermined
Gepubliceerd in: Cần Thơ Trường Đại học Cần Thơ 2014
Onderwerpen:
Tags: Voeg label toe
Geen labels, Wees de eerste die dit record labelt!
Thư viện lưu trữ: Trung tâm Học liệu Trường Đại học Cần Thơ
LEADER 01429nam a2200217Ia 4500
001 CTU_195826
008 210402s9999 xx 000 0 und d
082 |a 332.12 
082 |b Ph561 
088 |a 60340201 
100 |a Châu, Bảo Phương 
245 0 |a Phân tích những nhân tố ảnh hưởng đến quyết định gửi tiền của khách hàng tại ngân hàng thương mại cổ phần Đông Á chi nhánh Cần Thơ : 
245 0 |b Luận văn tốt nghiệp Cao học. Chuyên ngành Tài chính ngân hàng 
245 0 |c Châu Bảo Phương ; Nguyễn Văn Hồng (Cán bộ hướng dẫn) 
260 |a Cần Thơ 
260 |b Trường Đại học Cần Thơ 
260 |c 2014 
520 |a Đề tài phân tích thực trạng huy động vốn, xác định những nhân tố ảnh hưởng đến quyết định gửi tiền của khách hàng và mức độ hài lòng của khách hàng đối với dịch vụ tiền gửi của ngân hàng TMCP Đông Á. Đề ra giải pháp nhằm thu hút khách hàng gửi tiền, cũng như nâng cao chất lượng dịch vụ tại ngân hàng. 
650 |a Ngân hàng thương mại,Commercial banking 
910 |a Hải 
980 |a Trung tâm Học liệu Trường Đại học Cần Thơ